| 000 | 01706cam a22004814i 4500 | ||
|---|---|---|---|
| 003 | PE-LiUPU | ||
| 005 | 20250731173012.0 | ||
| 008 | 150623s1996 nyu r 000 0 eng d | ||
| 020 | _a0814726682 | ||
| 035 | _a(Sirsi) i9780814726686 | ||
| 040 |
_aPE-LiUPU _bspa _cPE-LiUPU _erda |
||
| 049 | _aPRUA | ||
| 082 | 0 | 4 |
_a222.110 95 _bF44 _221 |
| 100 | 1 |
_aFeyerick, Ada, _eautor. |
|
| 245 | 1 | 0 |
_aGenesis : _bworld of myths and patriarchs / _cAda Feyerick. |
| 264 | 1 |
_aNew York, N.Y. : _bNew York University Press, _c1996. |
|
| 300 |
_a256 páginas : _bilustraciones ; _c31 centímetros |
||
| 336 |
_atext _2rdacontent |
||
| 337 |
_aunmediated _2rdamedia |
||
| 338 |
_avolume _2rdacarrier |
||
| 504 | _aIncluye bibliografía. | ||
| 505 | 0 | _aMesopotamia -- The mists of time -- Canaan -- The patriarchs -- Egypt -- Joseph. | |
| 526 | _aSEG42 | ||
| 526 | _aSEG41 | ||
| 526 | _aSEG40 | ||
| 526 | _aSEG39 | ||
| 526 | _aP94 | ||
| 526 | _aP87 | ||
| 526 | _aP86 | ||
| 526 | _aP85 | ||
| 526 | _aP77 | ||
| 526 | _aP76 | ||
| 526 | _aP35 | ||
| 630 |
_aBiblia. _pA.T. _PG énesis _xCrítica, interpretación, etc. |
||
| 700 | 1 |
_aGordonx, Cyrus H., _eeditor. |
|
| 700 | 1 |
_aSarna, Nahum M., _eeditor. |
|
| 942 |
_2ddc _cBOOK |
||
| 949 |
_a222.110 95 F44 _wDEWEY _c1 _i46642 _d2016-11-9 _e2016-11-9 _lCCODEBUL1 _mBUL _n1 _r0 _sY _tBOOK _u2015-6-24 _xTEOLOGIA _PP35 _0COMPRA _o.STAFF. Colección General |
||
| 994 |
_aC0 _bPEPRU |
||
| 596 | _a1 | ||
| 999 |
_a222.110 95 F44 _wDEWEY _c23430 _i46642 _d23430 _e2016-11-9 _f2021-11-9 _g5 _lCCODEBUL1 _mBUL _n1 _p14.22 _q2 _r0 _sY _tBOOK _u2015-6-24 _xTEOLOGIA _PP35 _0COMPRA _o.STAFF. Colección Teología |
||
| 980 |
_81 _gALBERTO SANCHEZ Responsable de Automatización |
||